Abeceda účetnictví v praxi dlouhodobý hmotný majetek a dlouhodobý nehmotný majetek

Účtovná skupina 0 - Dlhodobý nehmotný majetok (DNM), dlhodobý hmotný majetok (DHM) a finančný majetok. Spôsoby získania DHM a DNM. Poskytnuté zálohy na dlhodobý majetok. Odpisy dlhodobého majetku. Opravné položky. Rezervy na opravu majetku. Inventarizácia. Vyradenie dlhodobého hmotného majetku. Chyb...

Full description

Saved in:
Bibliographic Details
Main Author: Misařová, Petra
Format: Book Chapter
Language:Czech
Subjects:
Tags: Add Tag
No Tags, Be the first to tag this record!

MARC

LEADER 00000naa$a2200000$$$4500
001 0070766
005 20230804110718.6
041 0 |a cze 
044 |a CZ 
245 1 0 |a Abeceda účetnictví v praxi  |b dlouhodobý hmotný majetek a dlouhodobý nehmotný majetek  |c Petra Misařová 
520 |a Účtovná skupina 0 - Dlhodobý nehmotný majetok (DNM), dlhodobý hmotný majetok (DHM) a finančný majetok. Spôsoby získania DHM a DNM. Poskytnuté zálohy na dlhodobý majetok. Odpisy dlhodobého majetku. Opravné položky. Rezervy na opravu majetku. Inventarizácia. Vyradenie dlhodobého hmotného majetku. Chyby vyskytujúce sa u dlhodobého majetku. Príklady. (Finančný majetok bude témou ďalšej časti.) 
610 2 0 |a účtovníctvo 
610 2 0 |a majetok hmotný 
610 2 0 |a majetok nehmotný 
610 2 0 |a majetok dlhodobý 
610 2 0 |a odpisy účtovné 
610 2 0 |a položky opravné 
610 2 0 |a rezervy 
610 2 0 |a inventarizácia 
100 1 |a Misařová, Petra